El constructivismo en el aula

Պահպանված է:
Մատենագիտական մանրամասներ
Հիմնական հեղինակ: Coll Salvador, César (autor)
Այլ հեղինակներ: Martín, Elena (autora), Mauri Majós, María Teresa (autora), Miras, Mariana (autora), Onrubia, Javier (autor), Solé Gallart, Isabel (autora)
Ձևաչափ: Գիրք
Լեզու:իսպաներեն
Հրապարակվել է: Barcelona, España: Graó, 1997
Հրատարակություն:6ª edición
Շարք:Serie Pedagogía: Teoría y Práctica, 111
Խորագրեր:
Ցուցիչներ: Ավելացրեք ցուցիչ
Չկան պիտակներ, Եղեք առաջինը, ով նշում է այս գրառումը!

MARC

LEADER 00000nam a2200000 a 4500
001 UCS2398
003 CL-VaPUC
005 20220331081320.0
008 970523e19970000SP |||||||||||||||||spa|d
999 |c 260358  |d 260356 
020 |a 84-7827-156-2 
040 |c Pontificia Universidad Católica de Valparaíso 
082 0 4 |a 371.3 COL 1997  |2 21 
100 0 |a Coll Salvador, César  |e autor  |9 387776 
245 1 3 |a El constructivismo en el aula 
250 |a 6ª edición 
260 |a Barcelona, España:  |b Graó,  |c 1997 
300 |a 183 páginas 
490 0 |a Serie Pedagogía: Teoría y Práctica, 111 
500 |a C.4 Donación Familia profesor Giovanni Parodi S. Memo 02/2022. 25-03-2022 
583 |a last modification  |c 20141230 02:47:56  |k Rodrigo Vera 
650 0 |a Educación básica   |9 224933 
650 0 |a Métodos de enseñanza  |9 270413 
650 0 |a Aprendizaje   |9 254827 
700 0 |a Martín, Elena  |e autora  |9 387777 
700 |a Mauri Majós, María Teresa  |e autora  |9 533488 
700 0 |a Miras, Mariana  |e autora  |9 387779 
700 0 |a Onrubia, Javier  |e autor  |9 387780 
700 0 |a Solé Gallart, Isabel  |e autora  |9 387781 
942 |c BK  |2 ddc 
945 |d 19970523 00:00:00  |a rleighto 
952 |0 0  |1 0  |4 0  |6 371_300000000000000_COL_1997  |7 0  |8 A  |9 286394  |a FDOPOS  |b FDOPOS  |d 2019-11-19  |i 3308618  |o 371.3 COL 1997  |p 3308618  |r 2025-01-22  |w 2019-11-19  |y BK  |k MLA 
952 |0 0  |1 0  |4 0  |6 371_300000000000000_COL_1997  |7 0  |8 A  |9 286395  |a BIBHIS  |b BIBHIS  |d 2019-11-19  |i 3396827  |o 371.3 COL 1997  |p 3396827  |r 2025-01-20  |w 2019-11-19  |y BK  |k HIS 
952 |0 0  |1 0  |4 0  |6 371_300000000000000_COL_1997  |7 0  |8 A  |9 286396  |a FDOPOS  |b FDOPOS  |d 2019-11-19  |i 3398706  |o 371.3 COL 1997  |p 3398706  |r 2025-01-22  |w 2019-11-19  |y BK  |k MLA 
952 |0 0  |1 0  |2 ddc  |4 0  |6 371_300000000000000_COL_1997  |7 0  |8 C_GPS  |9 582276  |a BIBEDU  |b BIBEDU  |c GEN  |d 2022-03-30  |e Donación  |i 5650465  |l 1  |o 371.3 COL 1997  |p 5650465  |r 2023-06-27  |s 2023-06-06  |t 4  |w 2022-03-30  |y BK  |k LIT